HAPI. Hispanic American periodicals index /
Guardado en:
| Autor principal: | |
|---|---|
| Autores Corporativos: | , |
| Otros Autores: | |
| Formato: | Texto |
| Publicado: |
California:
UCLA
|
| Etiquetas: |
Agregar Etiqueta
Sin Etiquetas, Sea el primero en etiquetar este registro!
|
MARC
| LEADER | 00000 a a2200000 04500 | ||
|---|---|---|---|
| 001 | 23409 | ||
| 003 | |||
| 040 | |||
| 020 | |a 0-87903-401-7 | ||
| 090 | |a 161900 | ||
| 100 | |a Barbara G. valk | ||
| 110 | |a UCLA | ||
| 245 | |a HAPI. Hispanic American periodicals index / |c UCLA | ||
| 260 | |a California: |b UCLA | ||
| 300 | |a 719 p | ||
| 700 | |a Ludwig Lauerhass, Jr. |a ed. | ||
| 710 | |a Latin American Center Publications |a University of California, Los Angeles | ||
| 999 | |c 10024 |d 10024 | ||



